[Event "IBCA EU-chT blind 03rd"]
[Site "Genova"]
[Date "2023.04.24"]
[Round "5.2"]
[White "Gashi, Gani"]
[Black "Deville, Olivier"]
[Result "0-1"]
[WhiteElo "1741"]
[BlackElo "1770"]
[PlyCount "64"]
[EventDate "2023.04.20"]
[EventType "team-swiss"]
[EventRounds "9"]
[EventCountry "ITA"]
[SourceTitle "CBM 213 Extra"]
[Source "ChessBase"]
[SourceDate "2023.05.31"]
[SourceVersion "1"]
[SourceVersionDate "2023.05.31"]
[SourceQuality "1"]
[WhiteTeam "Kosovo"]
[BlackTeam "France"]
[WhiteTeamCountry "KOS"]
[BlackTeamCountry "FRA"]

1. e4 c5 2. Nf3 d6 3. Bc4 Nf6 4. d3 e6 5. Bg5 Be7 6. 0-0 0-0 7. c3 a6 8. Nbd2 Nc6 9. Re1 Na5 10. Bb3 Nxb3 11. Nxb3 b5 12. Nbd2 Bb7 13. Nf1 Re8 14. h3 Rc8 15. Ng3 Qb6 16. a3 a5 17. e5 Nd5 18. Bxe7 Rxe7 19. Ne4 Qc7 20. Nfg5 h6 21. Nf3 Nf4 22. d4 Rd7 23. Qc1 Nxh3+ 24. Kf1 Nf4 25. Re3 Rcd8 26. Qe1 Qc6 27. b4 a4 28. Ra2 dxe5 29. Nd6 h5 30. c4 Rxd6 31. Qe2 Qe4 32. Qd1 Qc2 0-1

[Event "IBCA Wch blind 14th"]
[Site "Cagliari"]
[Date "2019.04.14"]
[Round "9"]
[White "Deville, Olivier"]
[Black "Ymeri, Rinor"]
[Result "0-1"]
[WhiteElo "1858"]
[BlackElo "1680"]
[PlyCount "106"]
[EventDate "2019.04.06"]
[EventType "swiss"]
[EventRounds "9"]
[EventCountry "ITA"]
[SourceTitle "CBM 189 Extra"]
[Source "ChessBase"]
[SourceDate "2019.06.03"]
[SourceVersion "1"]
[SourceVersionDate "2019.06.03"]
[SourceQuality "1"]

1. d4 d5 2. Nf3 g6 3. c4 Nc6 4. cxd5 Qxd5 5. Nc3 Qd8 6. d5 Nb8 7. e4 e6 8. Bc4 c6 9. 0-0 b5 10. Bb3 Bg7 11. dxe6 Bxe6 12. Bxe6 fxe6 13. Qb3 Qe7 14. Bg5 Nf6 15. e5 0-0 16. Rfe1 Na6 17. Ne4 Nc5 18. Nxc5 Qxc5 19. exf6 Bxf6 20. Qxe6+ Kg7 21. Qe7+ Bxe7 22. Bxe7 Qc2 23. Bxf8+ Rxf8 24. Ng5 Qxf2+ 25. Kh1 Kh6 26. Ne6 Re8 27. Re4 c5 28. Rae1 Rxe6 29. Rxe6 Qxb2 30. g4 Qf2 31. R6e2 Qf3+ 32. Rg2 c4 33. g5+ Kg7 34. Kg1 Qa3 35. Rge2 Qc5+ 36. Kf1 Qxg5 37. Re7+ Kh6 38. R1e3 Qf5+ 39. Kg2 Qg5+ 40. Kh1 Qf5 41. Kg2 Qg5+ 42. Kh1 Qd5+ 43. Kg1 c3 44. R7e5 Qd1+ 45. Kg2 c2 46. Rh3+ Kg7 47. Re7+ Kf6 48. Rhxh7 Qg4+ 49. Kf2 c1Q 50. Ref7+ Kg5 51. h4+ Qxh4+ 52. Rxh4 Kxh4 53. Rxa7 Qc5+ 0-1

[Event "SLO-ch blind int 11th"]
[Site "Izola"]
[Date "2015.06.14"]
[Round "7"]
[White "Barghol, Fatemeh"]
[Black "Deville, Olivier"]
[Result "1-0"]
[WhiteElo "1600"]
[BlackElo "1934"]
[PlyCount "89"]
[EventDate "2015.06.08"]
[EventType "swiss"]
[EventRounds "7"]
[EventCountry "SLO"]
[SourceTitle "EXT 2024"]
[Source "ChessBase"]
[SourceDate "2023.10.10"]
[SourceVersion "1"]
[SourceVersionDate "2023.10.10"]
[SourceQuality "1"]

1. e4 c5 2. Nf3 d6 3. Bb5+ Nd7 4. 0-0 Ngf6 5. Nc3 a6 6. Bc4 b5 7. Be2 b4 8. Nd5 Nxe4 9. d4 e6 10. Nf4 Be7 11. dxc5 dxc5 12. Bd3 Nef6 13. Re1 Nb6 14. Ne5 Bb7 15. Be3 0-0 16. Nh5 Qd5 17. Nxf6+ Bxf6 18. Nf3 Bxb2 19. Rb1 Bc3 20. Rf1 Na4 21. Qe2 Bf6 22. Bd2 Nc3 23. Bxc3 Bxc3 24. Rfd1 Qh5 25. a3 a5 26. a4 Bd5 27. Be4 Rad8 28. Bxd5 Rxd5 29. Qb5 Rfd8 30. Rxd5 Qxd5 31. h3 c4 32. Qb6 g6 33. Qc7 e5 34. Ng5 Rd7 35. Qc8+ Kg7 36. Ne4 Bd4 37. Re1 b3 38. cxb3 cxb3 39. Qa6 f5 40. Qf6+ Kg8 41. Rc1 Qb7 42. Qe6+ Kf8 43. Nf6 b2 44. Nxd7+ Qxd7 45. Rc8+ 1-0

[Event "SLO-ch blind int 11th"]
[Site "Izola"]
[Date "2015.06.12"]
[Round "6"]
[White "Deville, Olivier"]
[Black "Mlacnik, Franc"]
[Result "0-1"]
[WhiteElo "1934"]
[BlackElo "2055"]
[PlyCount "70"]
[EventDate "2015.06.08"]
[EventType "swiss"]
[EventRounds "7"]
[EventCountry "SLO"]
[SourceTitle "EXT 2024"]
[Source "ChessBase"]
[SourceDate "2023.10.10"]
[SourceVersion "1"]
[SourceVersionDate "2023.10.10"]
[SourceQuality "1"]

1. c4 e6 2. Nf3 d5 3. d4 Nf6 4. g3 dxc4 5. Qa4+ Bd7 6. Qxc4 Bc6 7. Bg2 Nbd7 8. Nbd2 Be7 9. 0-0 0-0 10. Re1 Ne4 11. Nxe4 Bxe4 12. Bf4 c5 13. Nd2 Bxg2 14. Kxg2 Nb6 15. Qd3 Qxd4 16. Qxd4 cxd4 17. Be5 Bb4 18. Bf4 e5 19. a3 Bxd2 20. Bxd2 Nd5 21. e3 dxe3 22. Bxe3 Nxe3+ 23. Rxe3 f6 24. Rc1 Rad8 25. Rc7 Rf7 26. Rec3 Rfd7 27. Rc2 Kf7 28. Kf3 Ke6 29. Ke2 f5 30. h3 g5 31. f4 gxf4 32. gxf4 exf4 33. Kf3 Rd3+ 34. Kxf4 R8d4+ 35. Kg5 Rg3+ 0-1

[Event "SLO-ch blind int 11th"]
[Site "Izola"]
[Date "2015.06.12"]
[Round "5"]
[White "Deville, Olivier"]
[Black "Pockaj, Branko"]
[Result "1-0"]
[WhiteElo "1934"]
[BlackElo "1688"]
[PlyCount "91"]
[EventDate "2015.06.08"]
[EventType "swiss"]
[EventRounds "7"]
[EventCountry "SLO"]
[SourceTitle "EXT 2024"]
[Source "ChessBase"]
[SourceDate "2023.10.10"]
[SourceVersion "1"]
[SourceVersionDate "2023.10.10"]
[SourceQuality "1"]

1. c4 Nf6 2. Nf3 e6 3. g3 d5 4. d4 Be7 5. Bg2 0-0 6. 0-0 dxc4 7. Qc2 Nbd7 8. Qxc4 c5 9. dxc5 Bxc5 10. Nc3 a6 11. a4 Qe7 12. a5 b5 13. axb6 Nxb6 14. Qh4 Bb7 15. e4 e5 16. Bg5 Rfd8 17. Bxf6 Qxf6 18. Qxf6 gxf6 19. Rfd1 Kf8 20. Nh4 Bd4 21. Nf5 Bc5 22. Bf1 Rxd1 23. Rxd1 Bc6 24. Nd5 Nd7 25. b4 Bd4 26. Nxd4 exd4 27. Rxd4 Ne5 28. Be2 Bb5 29. Bh5 Kg7 30. f4 Ng6 31. Nc7 Rb8 32. Nxb5 Rxb5 33. Be2 Rb6 34. Kf2 Ne7 35. Ke3 Kg6 36. Kd2 Nc8 37. Kc3 Kg7 38. Bd3 Nd6 39. Rd5 Nb7 40. Rd7 Nd6 41. Kd4 Nb7 42. Kc3 a5 43. b5 Nd6 44. Kd4 a4 45. Kc5 a3 46. Ra7 1-0

[Event "FRA-ch 31th blind"]
[Site "Sautron"]
[Date "2015.05.15"]
[Round "3"]
[White "Deville, Olivier"]
[Black "Sojka, Bernard"]
[Result "1-0"]
[WhiteElo "1934"]
[BlackElo "1796"]
[PlyCount "55"]
[EventDate "2015.04.13"]
[EventType "swiss"]
[EventRounds "7"]
[EventCountry "FRA"]
[SourceTitle "EXT 2016"]
[Source "ChessBase"]
[SourceDate "2015.10.08"]
[SourceVersion "1"]
[SourceVersionDate "2015.10.08"]
[SourceQuality "1"]

1. c4 c5 2. Nf3 b5 3. cxb5 a6 4. e3 axb5 5. Bxb5 Ba6 6. Nc3 Bxb5 7. Nxb5 Nc6 8. 0-0 Nf6 9. d4 Qb6 10. a4 g6 11. dxc5 Qb8 12. Bd2 Bg7 13. Bc3 0-0 14. b4 Na7 15. Nxa7 Rxa7 16. Qb3 Rc8 17. Rfb1 Rb7 18. Qc4 d5 19. Qd3 Rd7 20. Ne5 Rdd8 21. b5 Rxc5 22. Nc6 Rxc3 23. Qxc3 Ng4 24. Qxg7+ Kxg7 25. Nxb8 Rxb8 26. a5 Ne5 27. a6 Nd7 28. a7 1-0

[Event "Loire-ch Top20 1314"]
[Site "Loire"]
[Date "2014.05.17"]
[Round "9"]
[White "Deville, Olivier"]
[Black "Furnon, Yannick"]
[Result "1/2-1/2"]
[WhiteElo "1939"]
[BlackElo "1870"]
[PlyCount "36"]
[EventDate "2014.09.21"]
[EventType "swiss"]
[EventRounds "9"]
[EventCountry "FRA"]
[SourceTitle "EXT 2015"]
[Source "ChessBase"]
[SourceDate "2014.11.20"]
[SourceVersion "1"]
[SourceVersionDate "2014.11.20"]
[SourceQuality "1"]

1. c4 Nf6 2. Nf3 c6 3. e3 d5 4. Qc2 Bg4 5. Be2 e6 6. b3 Nbd7 7. Bb2 Be7 8. d3 a6 9. 0-0 0-0 10. Ne5 Nxe5 11. Bxe5 Bxe2 12. Qxe2 Nd7 13. Bb2 Bf6 14. Nc3 Qa5 15. Rac1 Rac8 16. e4 d4 17. Nd1 Qxa2 18. Qc2 Qa5 1/2-1/2

[Event "Loire-ch Top20 1314"]
[Site "Loire"]
[Date "2014.02.15"]
[Round "6"]
[White "Deville, Olivier"]
[Black "Buisine, Roman"]
[Result "1-0"]
[WhiteElo "1939"]
[BlackElo "1688"]
[PlyCount "83"]
[EventDate "2014.09.21"]
[EventType "swiss"]
[EventRounds "9"]
[EventCountry "FRA"]
[SourceTitle "EXT 2015"]
[Source "ChessBase"]
[SourceDate "2014.11.20"]
[SourceVersion "1"]
[SourceVersionDate "2014.11.20"]
[SourceQuality "1"]

1. c4 e5 2. Nc3 Nf6 3. g3 d5 4. cxd5 Nxd5 5. Bg2 c6 6. Nxd5 cxd5 7. Qb3 e4 8. Nh3 b6 9. d3 Bb7 10. 0-0 Nd7 11. dxe4 dxe4 12. Ng5 Qe7 13. Qa4 f5 14. h4 h6 15. Nh3 Kf7 16. h5 Ne5 17. Rd1 Bc6 18. Qb3+ Qe6 19. Qxe6+ Kxe6 20. Nf4+ Kf7 21. Bh3 Ng4 22. Bxg4 fxg4 23. Ng6 Kg8 24. Nxh8 Kxh8 25. Be3 Bb5 26. Kf1 Re8 27. a4 Ba6 28. Rd7 Re5 29. Rxa7 Rxh5 30. Rc1 Rh1+ 31. Kg2 Rxc1 32. Bxc1 Bxe2 33. Ra8 Kg8 34. Be3 Kf7 35. Rb8 Bc5 36. Bxc5 bxc5 37. Rb6 h5 38. a5 g5 39. a6 h4 40. a7 Bf3+ 41. Kh2 hxg3+ 42. Kxg3 1-0

[Event "Loire-ch Top20 1213"]
[Site "Loire"]
[Date "2012.11.10"]
[Round "3"]
[White "Longueville, Thomas"]
[Black "Deville, Olivier"]
[Result "1-0"]
[WhiteElo "1782"]
[BlackElo "1964"]
[PlyCount "99"]
[EventDate "2012.10.06"]
[EventType "swiss"]
[EventRounds "8"]
[EventCountry "FRA"]
[SourceTitle "EXT 2014"]
[Source "ChessBase"]
[SourceDate "2013.11.20"]
[SourceVersion "1"]
[SourceVersionDate "2013.11.20"]
[SourceQuality "1"]

1. Nf3 c5 2. g3 Nc6 3. d3 g6 4. Bg2 Bg7 5. 0-0 d5 6. c3 Nf6 7. Qc2 0-0 8. e4 e5 9. Bg5 Be6 10. Nbd2 h6 11. exd5 Bxd5 12. Be3 b6 13. Ne4 Ng4 14. Nh4 Kh7 15. c4 Bxe4 16. Bxe4 Rc8 17. Qe2 f5 18. Bf3 Nf6 19. Ng2 Nd4 20. Bxd4 Qxd4 21. Rad1 Rfe8 22. Ne3 Qd7 23. Bg2 Qa4 24. b3 Qa3 25. Nd5 Nxd5 26. Bxd5 a5 27. Qc2 Rc7 28. f3 Rd8 29. Rd2 b5 30. Re2 Rd6 31. f4 exf4 32. Rxf4 a4 33. Re8 Bd4+ 34. Kg2 axb3 35. axb3 b4 36. Ra8 Ra7 37. Bg8+ Kg7 38. Rxa7+ Qxa7 39. Bd5 Ra6 40. Kh3 Ra2 41. Qd1 Qa3 42. Qe1 Qa7 43. Qe6 Ra6 44. Qg8+ Kf6 45. Qf8+ Kg5 46. Kg2 Ra2+ 47. Kh3 Rb2 48. Rxd4 Rxh2+ 49. Kxh2 Qa2+ 50. Kh3 1-0

[Event "Loire-ch Top20 1213"]
[Site "Loire"]
[Date "2012.10.20"]
[Round "2"]
[White "Deville, Olivier"]
[Black "Andre, Gregory"]
[Result "0-1"]
[WhiteElo "1964"]
[BlackElo "1810"]
[PlyCount "100"]
[EventDate "2012.10.06"]
[EventType "swiss"]
[EventRounds "8"]
[EventCountry "FRA"]
[SourceTitle "EXT 2014"]
[Source "ChessBase"]
[SourceDate "2013.11.20"]
[SourceVersion "1"]
[SourceVersionDate "2013.11.20"]
[SourceQuality "1"]

1. Nf3 d5 2. c4 e6 3. b3 Nf6 4. g3 g6 5. Bg2 Bg7 6. Bb2 0-0 7. 0-0 Nbd7 8. d3 c6 9. Nbd2 Re8 10. e4 Nc5 11. e5 Nxd3 12. Ba3 Nd7 13. Qe2 N3xe5 14. Rad1 Nxf3+ 15. Nxf3 Nf6 16. h4 Qc7 17. Bc1 dxc4 18. Qxc4 e5 19. Bb2 Be6 20. Qc1 Bg4 21. Rde1 Nd7 22. Qg5 Bf5 23. Rd1 f6 24. Qe3 Nb6 25. Ba3 Rad8 26. Bc5 Rxd1 27. Rxd1 Rd8 28. Rxd8+ Qxd8 29. a4 Qd1+ 30. Ne1 Nd5 31. Bxd5+ cxd5 32. Qc3 b6 33. Bd6 Bf8 34. Bxf8 Kxf8 35. Kh2 Qe2 36. Kg1 a5 37. h5 d4 38. Qc1 Qxh5 39. Qc6 Kg7 40. Qd6 Qg5 41. Qe7+ Kh6 42. Qf8+ Kh5 43. Kh2 e4 44. f4 Qg4 45. Qxf6 Qh3+ 46. Kg1 Qxg3+ 47. Ng2 d3 48. Qxb6 d2 49. Qd8 Qe1+ 50. Kh2 h6 0-1